• 首页
  • 本馆介绍
  • 公告通知
  • 最新文献
  • 馆藏检索
  • 电子资源
  • 读者导购
  • 参考咨询
  • 我的图书馆
  • 登录
  • 详细信息显示
  • 放入我的书架
  • 预约/预借图书
  • 作者相关作品
  • 分类相关作品
  • 丛书相关作品
  • 出版社相关作品

书目信息

  • 表格格式
  • 工作单格式
  • 卡片格式
题名:
冰岛人民史话
    
 
作者: 埃·奥格尔逊 著
分册:  
出版信息: 北京   生活·读书·新知三联书店  1973.08
页数: 491页
开本: 20cm
丛书名:
单 册:
中图分类: K535.0
科图分类:
主题词: 北欧--历史
电子资源:
ISBN:
000 00612nam0 2200205 450
001 0834243371
005 20081105095434.38
010    @dCNY1.30
091    @a11002.458
100    @a20081105d1973 km y0chiy0120 ea
101 0  @achi
102    @aCN@b110000
200 1  @a冰岛人民史话@Abing dao ren min shi hua@f(冰)埃·奥格尔逊著@F(bing)ai·ao ge er xun zhu
210    @a北京@c生活·读书·新知三联书店@d1973.08
215    @a491页@d20cm
606 0  @a北欧@x历史
690    @aK535.0@v4
701  0 @a埃·奥格尔逊@Aai·ao ge er xun@4著
801  0 @aCN@b大连网信软件有限公司图书馆·11@c20081105
905    @aBZT@dK535.0@e1
    
    冰岛人民史话/(冰)埃·奥格尔逊著.-北京:生活·读书·新知三联书店,1973.08
    491页;20cm
    
    
    ISBN :CNY1.30
    
●
相关链接 在五车中查询图书 在当当中查询图书 在豆瓣中查询图书


正题名:冰岛人民史话     索取号:K535.0/1         预约/预借

序号 登录号 条形码 馆藏地/架位号 状态 备注
1 036451   201207826   中心书库南/007架A面7层6列/ [索取号:K535.0/1] 在馆    
山东省滨州职业学院图书馆 欢迎您!
大连网信软件有限公司© 版权所有